| 000 | 07379namaa22004331i 4500 | ||
|---|---|---|---|
| 003 | EG-GICUC | ||
| 005 | 20260422164050.0 | ||
| 008 | 260422s2025 ua a|||frm||| 000 0 eng d | ||
| 040 |
_aEG-GICUC _beng _cEG-GICUC _dEG-GICUC _erda |
||
| 041 | 0 |
_aeng _beng _bara |
|
| 049 | _aDeposit | ||
| 082 | 0 | 4 | _a615.82 |
| 092 |
_a615.82 _221 |
||
| 097 | _aPh.D | ||
| 099 | _aCai01.21.13,Ph.D.2025.Ha.E | ||
| 100 | 0 |
_aHabiba Zienhom Soubhy Mohamed, _epreparation. |
|
| 245 | 1 | 0 |
_aEffect of blood flow restriction training on muscle strength and gait performance in multiple sclerosis patients / _cby Habiba Zienhom Soubhy Mohamed ; Supervisor Prof. Dr. Moshera Hasaan Darwish, Prof. Dr. Mohamed Soliman El- Tamawy. |
| 246 | 1 | 5 | _aتأثير تدريبات تقييد تدفق الدم على قوة العضلات وأداء المشي لدى مرضى التصلب المتعدد |
| 264 | 0 | _c2025. | |
| 300 |
_a132 pages : _billustrations ; _c25 cm. + _eCD. |
||
| 336 |
_atext _2rda content |
||
| 337 |
_aUnmediated _2rdamedia |
||
| 338 |
_avolume _2rdacarrier |
||
| 502 | _aThesis (Ph.D)-Cairo University, 2025. | ||
| 504 | _aBibliography: pages 110-130. | ||
| 520 | 3 | _aBackground: Up to 70% of MS patients experience lower-limb weakness. It reduces mobility and walking endurance. Strength training has a positive impact on muscle strength; however MS patients may find traditional resisted exercises (RE) difficult. Blood flow restriction (BFR) training is a new therapeutic method used to increase muscle strength, size, and endurance while using much lower exercise intensities than conventional training. The objective of the Study: to investigate the influence of training with blood flow restriction on MS patients' lower extremity muscular strength and gait performance. Methods: Forty one patients were diagnosed as remitting and relapse MS from both gender, their age ranged from 20 to 45, and EDSS values ranged from "2" to "5", represented the study's sample. They were randomly assigned into two groups the study group (GA), and the control group (GB). Patients in the study group (GA) treated with therapeutic program of low intensity resisted exercises for lower extremities with blood flow restriction by inflated cuff in proximal part of thigh. The control group (GB) treated with the same program of low intensity resisted exercises for lower extremities. "Two" sessions per week for "six" weeks. Pre and Post assessment were done for each group. Isokeintic Dynamometer was utilized to assess isokinetic peak torque for knee extensors (KEPT), knee flexors (KFPT), hip flexors (HFPT), and hip extensors (HEPT) for all patients. Two dimensions gait analysis was done by Kinovea analysis software to assess spatiotemporal parameter of gait. Results: Post-treatment, the two groups' results showed a significant increase in scores of KEPT, HFPT, and HEPT (P <0.05). The study group (GA) showed a favorable improvement. Knee flexion peak torque (KFPT) increased significantly only in GA (P<0.05). All spatiotemporal gait parameters did not show statistically significant differences in the two groups (P >0.05). Conclusion: Adding blood flow restriction to a low- intensity strengthening program improves the lower limb muscular strength for MS patients. It doesn’t have effect on their spatiotemporal parameter gait parameters. | |
| 520 | 3 | _aمرجعية البحث: قرابةما يصل إلى 70% من مرضى التصلب المتعدد يعانون من ضعف في الأطراف السفلية، حتى في أولئك الذين يعانون من إعاقة منخفضة. وقد ارتبط ذلكبانخفاض الحركة والقدرة على التحمل أثناء المشي. على الرغم من أن تدريب القوة له تأثير إيجابي على قوة عضلاتهم، فقد يجد مرضى التصلب المتعدد صعوبة في ممارسة تمارين المقاومة التقليدية.الهدف من الدراسة:هومعرفة تأثير تدريب تقييد تدفق الدم على قوة عضلات الأطراف السفلية وأداء المشي لدى مرضى التصلب المتعدد. طريقة البحث:اجريت الدراسةعلى واحد وأربعون مريضا من مرضى التصلب المتعدد الذين تم تشخيصهم بخمول وانتكاس مرض التصلب المتعدد من كلا الجنسين، تراوحت أعمارهم بين 20 إلى 45 عاما، وتراوح مقياس عدم القدرة لديهم من "2" إلى "5”، تم تقسيمهم عشوائيا إلى مجموعتين،المجموعة ج1 والمجموعة ج2. تم علاج المرضى فيالمجموعة ج1ببرنامج تقوية علاجي منخفض الشدة للأطراف السفلية مع تقييد تدفق الدم عن طريق نفخ الكفة في الجزء القريب من الفخذ.والمجموعة ج2 تم علاجهم ببرنامج تقوية علاجي منخفض الشدةللأطراف السفليةفقط. تم إجراء العلاج مرتين في الأسبوع لمدة ستة أسابيعوتقييم كل مجموعة قبل وبعد انتهاء العلاج. استخدم جهازمقياس القوة الايزوكينتك لتقييم عزم الدوران الأقصى لباسطات الركبة، وعضلات الركبة القابضة، وعضلات الفخذالقابضةوالباسطة.تم إجراء تحليل المشي ثنائيالأبعاد بواسطة برنامج تحليل كينوفا.النتائج:أظهرت النتائج بعد العلاج زيادة ذات دلالة احصائية في قيمة عزم الدوران الاقصى لعضلات الركبة الباسطة وعضلات الفخذ الباسطة والقابضة بالمجموعتين، في حين زادت قيمة عزم الدوران الاقصى لعضلات الركبة القابضة بشكل ذو دلالة احصائية في المجموعة ج1 فقط. أظهرت المجموعتان اختلافات ليس لها دلالة احصائية في جميع مؤشرات المشي الزمانية المكانية. الاستنتاج: إضافة تقييد تدفق الدم إلى برنامج تدريبي تقوية منخفض الشدة يحسن القوة العضلية للأطراف السفلية لدى مرضى التصلب المتعدد، وليس له تأثير على مؤشرات المشي الزمانية والمكانية لهؤلاء المرضى | |
| 530 | _aIssues also as CD. | ||
| 546 | _aText in English and abstract in Arabic & English. | ||
| 650 | 0 | _aPhysical Therapy | |
| 650 | 0 | _aالعلاج الطبيعي | |
| 653 | 1 |
_aMultiple sclerosis _ablood flow restriction exercises _amuscle strength _alower extremities _aالتصلب المتعدد _aتمارين تقييد تدفق الدم |
|
| 700 | 0 |
_aMoshera Hasaan Darwish _ethesis advisor. |
|
| 700 | 0 |
_aMohamed Soliman El- Tamawy _ethesis advisor. |
|
| 900 |
_b01-01-2025 _cMoshera Hasaan Darwish _cMohamed Soliman El- Tamawy _U Cairo University _FFaculty of Physical Therapy _DDepartment of Physical Therapy for Neurology and Neurosurgery |
||
| 905 | _aShimaa | ||
| 942 |
_2ddc _cTH _e21 _n0 |
||
| 999 | _c179680 | ||